000 00614nam a2200253Ia 4500
005 20260121161253.0
008 008 260114s9999 xx 000 0 eng d
020 _a9781315120416
037 _aEBOOK
040 _aCRL
040 _beng
040 _cCRL
041 _2eng
041 _aeng
084 _qCRL
100 _aLi-Chun Zhang; Raymond L. Chambers
_91042310
245 0 _aAnalysis of Integrated Data:
260 _bTaylor and Francis
260 _c2019
856 _uhttp://www.taylorfrancis.com/books/9781315120416
942 _cEBOOK
999 _c1609126
_d1609126